Fr. Conceicao Rodrigues College of Engineering

Practice of Management Accounting (Record no. 19022)

MARC details
000 -LEADER
fixed length control field 00327nam a2200145Ia 4500
082 ## - DEWEY DECIMAL CLASSIFICATION NUMBER
Classification number 658.1511
Item number SAS/DH
100 ## - MAIN ENTRY--PERSONAL NAME
Personal name Sastry/ K.S./ Dhameja/ Nand.
245 ## - TITLE STATEMENT
Title Practice of Management Accounting
260 ## - PUBLICATION, DISTRIBUTION, ETC.
Name of publisher, distributor, etc. Wheeler pub
Date of publication, distribution, etc. 1995
300 ## - PHYSICAL DESCRIPTION
Extent 491
546 ## - LANGUAGE NOTE
Language note ENGLISH
654 ## - SUBJECT ADDED ENTRY--FACETED TOPICAL TERMS
Focus term Management
942 ## - ADDED ENTRY ELEMENTS (KOHA)
Koha item type BOOK
Holdings
Withdrawn status Lost status Damaged status Not for loan Collection Home library Current library Date acquired Total Checkouts Full call number Barcode Date last seen Price effective from Koha item type
        CRC Fr. Agnel's C.Rodrigues College of Engineering Fr. Agnel's C.Rodrigues College of Engineering 17/03/2023   658.1511 SAS/DH 12154 17/03/2023 17/03/2023 BOOK
        CRC Fr. Agnel's C.Rodrigues College of Engineering Fr. Agnel's C.Rodrigues College of Engineering 17/03/2023   658.1511 SAS/DH 12155 17/03/2023 17/03/2023 BOOK
        CRC Fr. Agnel's C.Rodrigues College of Engineering Fr. Agnel's C.Rodrigues College of Engineering 17/03/2023   658.1511 SAS/DH 12156 17/03/2023 17/03/2023 BOOK
        CRC Fr. Agnel's C.Rodrigues College of Engineering Fr. Agnel's C.Rodrigues College of Engineering 17/03/2023   658.1511 SAS/DH 12157 17/03/2023 17/03/2023 BOOK
        CRC Fr. Agnel's C.Rodrigues College of Engineering Fr. Agnel's C.Rodrigues College of Engineering 17/03/2023   658.1511 SAS/DH 12158 17/03/2023 17/03/2023 BOOK